[Event "Lausanne Young Masters"]
[Site "Lausanne"]
[Date "2001.05.22"]
[Round "2.1"]
[White "Bu Xiangzhi"]
[Black "Bruzon Bautista, Lazaro"]
[Result "1/2-1/2"]
[WhiteElo "2558"]
[BlackElo "2589"]
[PlyCount "70"]
[EventDate "2001.05.20"]
[Source "ChessBase"]
[SourceDate "2001.07.03"]

1. d4 d5 2. c4 e6 3. Nc3 Nf6 4. Bg5 Nbd7 5. e3 c6 6. Nf3 Qa5 7. Nd2 Bb4 8. Qc2 O-O 9. Be2 e5 10. dxe5 Ne4 11. Ndxe4 dxe4 12. O-O Bxc3 13. bxc3 Re8 14. Bf4 Nxe5 15. Qxe4 Bf5 16. Qd4 Rad8 17. Bxe5 Rxd4 18. cxd4 Qa3 19. Rfc1 c5 20. Bf3 cxd4 21. Bxd4 Be4 22. Bxe4 Rxe4 23. Rcb1 Re7 24. Rb5 h6 25. g3 Qa4 26. Rab1 b6 27. c5 bxc5 28. Rxc5 Qxa2 29. Ra1 Qe2 30. Rca5 Rc7 31. Rxa7 Rc2 32. e4 Qxe4 33. Be3 Rb2 34. R7a4 Qg6 35. Rd4 Rb1+ 1/2-1/2

[Event "Cheliabinsk-A"]
[Site "Chelyabinsk RUS"]
[Date "1991.??.??"]
[Round "?"]
[White "Sherbakov, Ruslan"]
[Black "Vyzmanavin, Alexey B"]
[Result "1/2-1/2"]
[WhiteElo "2525"]
[BlackElo "2590"]
[PlyCount "31"]
[EventDate "1991.12.??"]
[Source "www.chesslib.no"]
[SourceDate "2004.05.04"]

1. d4 d5 2. c4 e6 3. Nc3 Nf6 4. Bg5 Nbd7 5. e3 c6 6. Nf3 Qa5 7. cxd5 Nxd5 8. Qd2 N7b6 9. Bd3 Nxc3 10. bxc3 Na4 11. O-O Qxc3 12. Qe2 Qb2 13. Bc2 Qb5 14. Bd3 Qb2 15. Bc2 Qb5 16. Bd3 1/2-1/2

[Event "Graz"]
[Site "?"]
[Date "1996.??.??"]
[Round "?"]
[White "Beliavsky, A."]
[Black "Rabiega, R."]
[Result "1-0"]
[WhiteElo "2620"]
[BlackElo "2475"]
[PlyCount "71"]
[EventDate "1996.??.??"]
[Source "ChessBase"]
[SourceDate "1996.06.01"]

1. d4 d5 2. c4 e6 3. Nc3 Nf6 4. Bg5 Nbd7 5. e3 c6 6. Nf3 Qa5 7. cxd5 Nxd5 8. Qd2 Bb4 9. Rc1 h6 10. Bh4 c5 11. a3 Bxc3 12. bxc3 b6 13. Bd3 Bb7 14. O-O N5f6 15. Qe2 O-O 16. Nd2 cxd4 17. cxd4 Rac8 18. Nc4 Qa4 19. f3 Ba6 20. Bg3 Bxc4 21. Bxc4 Qxa3 22. Ra1 Qb4 23. Ba6 Rce8 24. Rfb1 Qe7 25. Be1 Nd5 26. e4 Nf4 27. Qb2 Rd8 28. Bb4 Qg5 29. Bxf8 Nxf8 30. Bf1 e5 31. d5 a5 32. g3 Rd6 33. Rc1 Nh5 34. Rc8 Qe7 35. Rac1 g5 36. Qa3 1-0

[Event "OHRA"]
[Site "Amsterdam"]
[Date "1983.??.??"]
[Round "?"]
[White "Van der Sterren, Paul"]
[Black "Seirawan, Yasser"]
[Result "0-1"]
[WhiteElo "2445"]
[BlackElo "2605"]
[PlyCount "112"]
[EventDate "1983.07.??"]
[Source "ChessBase"]

1. d4 d5 2. c4 e6 3. Nc3 Nf6 4. Bg5 Nbd7 5. e3 c6 6. Nf3 Qa5 7. Nd2 dxc4 8. Bxf6 Nxf6 9. Nxc4 Qc7 10. Be2 Bd7 11. O-O c5 12. Rc1 cxd4 13. exd4 Bd6 14. Nxd6+ Qxd6 15. Nb5 Bxb5 16. Bxb5+ Ke7 17. Qb3 Rac8 18. Be2 b6 19. Bf3 Rhd8 20. Qa4 Rc7 21. Rxc7+ Qxc7 22. Qa3+ Ke8 23. Rd1 Qe7 24. Qa4+ Kf8 25. Rc1 g6 26. g3 Kg7 27. Kg2 h5 28. h4 Ne8 29. Rc6 Qd7 30. Qa3 Kh7 31. Rc1 Nf6 32. Kg1 Kg7 33. Rc3 Ng8 34. Bc6 Qe7 35. Qa4 Nh6 36. Be4 Qd7 37. Qa3 Ng4 38. Rc4 e5 39. d5 Nf6 40. Bf3 Qf5 41. d6 Qe6 42. Rc7 Rxd6 43. Rxa7 Rd2 44. Ra8 Qd6 45. Qxd6 Rxd6 46. b4 e4 47. Be2 Rd2 48. Kf1 Nd5 49. a3 Nc3 50. Bc4 b5 51. Bxb5 Nxb5 52. a4 Rd1+ 53. Kg2 Ra1 54. a5 Nd4 55. a6 Ra4 56. Rd8 Ne6 0-1

[Event "TCh-CZE 2002-3"]
[Site "Czech Rep"]
[Date "2002.10.13"]
[Round "2"]
[White "Babula, Vlastimil"]
[Black "Jirovsky, Milos"]
[Result "1-0"]
[WhiteElo "2581"]
[BlackElo "2457"]
[PlyCount "81"]
[EventDate "2003.01.01"]
[Source "Roberto Alvarez"]
[SourceDate "2003.04.28"]

1. d4 d5 2. c4 e6 3. Nc3 Nf6 4. Bg5 Nbd7 5. e3 c6 6. Nf3 Qa5 7. cxd5 exd5 8. Bd3 Ne4 9. O-O f5 10. Bxe4 dxe4 11. Nh4 g6 12. Qb3 Qb4 13. Qe6+ Be7 14. Nxg6 Nf6 15. Qxe7+ Qxe7 16. Nxe7 Kxe7 17. f3 exf3 18. Rxf3 Rg8 19. Bh4 Rg4 20. Rh3 Be6 21. Bxf6+ Kxf6 22. Rh6+ Rg6 23. Rxh7 Rag8 24. g3 R8g7 25. Rxg7 Rxg7 26. Rf1 Kg5 27. e4 Rd7 28. exf5 Bxf5 29. Rf4 b5 30. a3 a5 31. h4+ Kg6 32. g4 Bd3 33. Kf2 b4 34. axb4 axb4 35. Ne4 Re7 36. Kf3 b3 37. h5+ Kh6 38. Rf6+ Kg7 39. h6+ Kg8 40. Ng5 Re1 41. Rxc6 1-0

[Event "Heraklio Open"]
[Site "Heraklio GRE"]
[Date "1993.??.??"]
[Round "5"]
[White "Rajkovic, Dusan"]
[Black "Smagin, Sergey B"]
[Result "0-1"]
[WhiteElo "2455"]
[BlackElo "2550"]
[PlyCount "84"]
[EventDate "1993.??.??"]
[Source "www.chesslib.no"]
[SourceDate "2004.05.04"]

1. d4 d5 2. c4 e6 3. Nc3 Nf6 4. Bg5 Nbd7 5. e3 c6 6. Nf3 Qa5 7. Nd2 Bb4 8. Qc2 O-O 9. Bh4 e5 10. dxe5 Ne4 11. Ncxe4 dxe4 12. e6 Nc5 13. a3 Bxd2+ 14. Qxd2 Qxd2+ 15. Kxd2 Nb3+ 16. Kc3 Nxa1 17. exf7+ Rxf7 18. Be2 Be6 19. Rxa1 Rd7 20. a4 h6 21. h3 g5 22. Bg3 Rad8 23. a5 c5 24. Be5 Rd2 25. Re1 R8d7 26. Kb3 b5 27. axb6 axb6 28. Bc3 Rxe2 29. Rxe2 b5 30. Rd2 Bxc4+ 31. Kc2 Bd3+ 32. Kd1 b4 33. Be5 Rd5 34. f4 gxf4 35. Bxf4 c4 36. Ke1 Ra5 37. Bc7 Rf5 38. Bf4 Ra5 39. Bc7 Ra1+ 40. Rd1 Ra2 41. Rd2 c3 42. bxc3 b3 0-1

[Event "DEN-chT 9697"]
[Site "?"]
[Date "1996.??.??"]
[Round "1"]
[White "Hoi, Carsten"]
[Black "Hansen, Lars Bo"]
[Result "0-1"]
[WhiteElo "2445"]
[BlackElo "2550"]
[PlyCount "79"]
[EventDate "1996.11.03"]
[Source "www.chesslib.no"]
[SourceDate "2004.05.04"]

1. d4 d5 2. c4 e6 3. Nc3 Nf6 4. Bg5 Nbd7 5. e3 c6 6. Nf3 Qa5 7. cxd5 Nxd5 8. Qd2 Bb4 9. Rc1 O-O 10. a3 Bxc3 11. bxc3 Qxa3 12. e4 N5f6 13. Bd3 e5 14. O-O Re8 15. Bxf6 gxf6 16. Nh4 Nf8 17. f4 exd4 18. cxd4 Qd6 19. Nf3 Bg4 20. e5 Qd8 21. Kh1 Kh8 22. Qf2 Ng6 23. Nd2 Rg8 24. h3 Bh5 25. Ne4 fxe5 26. fxe5 Nxe5 27. dxe5 Qxd3 28. Nf6 Qe2 29. Qxe2 Bxe2 30. Rf2 Bd3 31. Nxg8 Kxg8 32. Rc3 Bg6 33. g4 a5 34. h4 a4 35. h5 Be4+ 36. Kh2 b5 37. Rf4 Bd5 38. g5 a3 39. g6 hxg6 40. hxg6 0-1

[Event "Eerbeek"]
[Site "Eerbeek"]
[Date "1978.??.??"]
[Round "2"]
[White "Taylor, Timothy"]
[Black "Nikolac, Juraj"]
[Result "0-1"]
[WhiteElo "2460"]
[BlackElo "2495"]
[PlyCount "158"]
[EventDate "1978.11.??"]
[Source "ChessBase"]

1. d4 d5 2. c4 e6 3. Nc3 Nf6 4. Bg5 Nbd7 5. e3 c6 6. Nf3 Qa5 7. Nd2 Bb4 8. Qc2 O-O 9. Be2 e5 10. O-O Bxc3 11. bxc3 Ne4 12. Nxe4 dxe4 13. Qxe4 exd4 14. Bd3 f5 15. Qe6+ Rf7 16. exd4 Qxc3 17. Qe3 Nf8 18. d5 Bd7 19. Rac1 Qa5 20. Qd4 Re8 21. Rfd1 c5 22. Qb2 Ng6 23. Bd2 Qc7 24. Bc3 b6 25. Re1 Rfe7 26. Rxe7 Rxe7 27. Rd1 Qd6 28. Qc2 Nh4 29. Kh1 Qg6 30. Rg1 Qh5 31. Qd2 Ng6 32. Re1 Rxe1+ 33. Qxe1 Qg5 34. Qa1 Qe7 35. Qc1 Kf8 36. f4 b5 37. cxb5 Qd6 38. Qb2 Qxd5 39. Bxg7+ Kf7 40. Qc3 Be6 41. Bf1 Qxa2 42. Kg1 Qd5 43. g3 Ne7 44. b6 axb6 45. Qf6+ Ke8 46. Bb5+ Nc6 47. Qf8+ Kd7 48. Qa8 Qd1+ 49. Kf2 Qc2+ 50. Be2 Kc7 51. Be5+ Nxe5 52. Qa7+ Kc6 53. Qa8+ Kd7 54. Qb7+ Ke8 55. fxe5 Qb2 56. Qg7 Qd4+ 57. Kf1 Bc4 58. Qh8+ Kd7 59. Qxh7+ Kc6 60. Qg6+ Kb5 61. Qe8+ Kb4 62. Bxc4 Qxc4+ 63. Kf2 Qc2+ 64. Kf3 Qe4+ 65. Kf2 Qd4+ 66. Kf3 c4 67. e6 Qd5+ 68. Kf4 c3 69. Qc8 Kb3 70. Kg5 f4+ 71. Kf6 f3 72. e7 f2 73. Qh3 Qc6+ 74. Kf7 Qc4+ 75. Kg7 c2 76. g4+ Kb2 77. e8=Q c1=Q 78. Qe7 Q1c3+ 79. Qxc3+ Qxc3+ 0-1

[Event "EU-ch 3rd"]
[Site "Batumi"]
[Date "2002.06.26"]
[Round "13"]
[White "Kallio, Heikki"]
[Black "Jirovsky, Milos"]
[Result "0-1"]
[WhiteElo "2502"]
[BlackElo "2446"]
[PlyCount "74"]
[EventDate "2002.06.12"]
[Source "ChessBase"]
[SourceDate "2002.09.20"]

1. d4 d5 2. c4 e6 3. Nc3 Nf6 4. Bg5 Nbd7 5. e3 c6 6. Nf3 Qa5 7. Nd2 dxc4 8. Bxf6 Nxf6 9. Nxc4 Qc7 10. Qf3 Be7 11. e4 b5 12. Ne5 Bb7 13. Rc1 O-O 14. Nd3 c5 15. dxc5 Bxc5 16. Qe2 Bd4 17. Nd5 Qa5+ 18. b4 Qa3 19. Nxf6+ Bxf6 20. f3 Bc3+ 21. Kf2 Rfd8 22. Rb1 Rac8 23. Kg3 Qa6 24. h4 Qd6+ 25. Kh3 a5 26. a3 a4 27. Nc5 Bc6 28. g3 Be5 29. Rg1 Bd4 30. Rg2 Bxc5 31. bxc5 Qxc5 32. Qb2 Be8 33. Rf2 Qe3 34. Kg2 Rc3 35. Qb4 h5 36. Qe7 Rd2 37. Qxe8+ Kh7 0-1

[Event "New York Kavkasian"]
[Site "New York"]
[Date "1983.??.??"]
[Round "?"]
[White "Bass, Leonid"]
[Black "Lein, Anatoly"]
[Result "1/2-1/2"]
[WhiteElo "2460"]
[BlackElo "2465"]
[PlyCount "39"]
[EventDate "1983.09.??"]
[Source "ChessBase"]

1. d4 d5 2. c4 e6 3. Nc3 Nf6 4. Bg5 Nbd7 5. e3 c6 6. Nf3 Qa5 7. Nd2 Bb4 8. Qc2 O-O 9. Be2 c5 10. O-O cxd4 11. Nb3 Qb6 12. exd4 dxc4 13. Bxc4 Bxc3 14. bxc3 Qc7 15. Qe2 b6 16. Rac1 Bb7 17. Bd3 Rfe8 18. c4 e5 19. d5 Qd6 20. Rfe1 1/2-1/2

[Event "TCh-SCG"]
[Site "Petrovac"]
[Date "2004.05.21"]
[Round "6"]
[White "Miljkovic, Miroslav"]
[Black "Blagojevic, Dragisa"]
[Result "1/2-1/2"]
[WhiteElo "2390"]
[BlackElo "2514"]
[PlyCount "46"]
[EventDate "2004.05.16"]
[Source "Roberto Alvarez"]
[SourceDate "2004.05.24"]

1. d4 d5 2. c4 e6 3. Nc3 Nf6 4. Bg5 Nbd7 5. e3 c6 6. Nf3 Qa5 7. Nd2 dxc4 8. Bxf6 Nxf6 9. Nxc4 Qc7 10. Be2 Be7 11. O-O O-O 12. Rc1 Rd8 13. Qc2 Nd5 14. a3 Bd7 15. Ne4 Be8 16. b4 Rac8 17. Qb2 b6 18. Bd3 a6 19. Qe2 Qa7 20. Rc2 c5 21. bxc5 bxc5 22. dxc5 Bxc5 23. Ne5 Bxa3 1/2-1/2

[Event "XII Guillermo Garcia Prem II"]
[Site "Santa Clara"]
[Date "2004.06.02"]
[Round "12.4"]
[White "Zugic, Igor"]
[Black "Soppe, Guillermo"]
[Result "1/2-1/2"]
[WhiteElo "2478"]
[BlackElo "2421"]
[PlyCount "54"]
[EventDate "2004.05.20"]
[Source "Roberto Alvarez"]
[SourceDate "2004.06.07"]

1. d4 d5 2. c4 e6 3. Nc3 Nf6 4. Bg5 Nbd7 5. e3 c6 6. Nf3 Qa5 7. Nd2 dxc4 8. Bxf6 Nxf6 9. Nxc4 Qc7 10. g3 Be7 11. Bg2 O-O 12. a3 b6 13. b4 Bb7 14. O-O a5 15. Qb3 axb4 16. axb4 Rfc8 17. Ne5 Nd5 18. b5 Nxc3 19. Qxc3 c5 20. Bxb7 Qxb7 21. Nc6 Bf6 22. Rxa8 Rxa8 23. Ra1 h6 24. Rxa8+ Qxa8 25. Qc4 cxd4 26. exd4 Qa1+ 27. Kg2 Qd1 1/2-1/2

[Event "Mielo POL, Open 2005"]
[Site "?"]
[Date "2005.06.19"]
[Round "10"]
[White "Malakhatko Vadim"]
[Black "Pinkas Karol"]
[Result "1-0"]
[WhiteElo "2562"]
[BlackElo "2325"]
[PlyCount "67"]
[EventDate "2005.??.??"]
[Source "www.chesslib.no"]
[SourceDate "2004.05.04"]

1. d4 d5 2. c4 e6 3. Nc3 Nf6 4. Bg5 Nbd7 5. e3 c6 6. Nf3 Qa5 7. cxd5 Nxd5 8. Qd2 Bb4 9. Rc1 O-O 10. e4 Nxc3 11. bxc3 Ba3 12. Rb1 e5 13. Bd3 Re8 14. O-O b6 15. Qe2 exd4 16. cxd4 h6 17. Be3 Qh5 18. Qc2 Bb7 19. h3 Bf8 20. Rfe1 g5 21. e5 c5 22. Nh2 cxd4 23. Bxd4 Nc5 24. Ng4 Re6 25. Bf5 Kg7 26. Nf6 Rxf6 27. exf6+ Kg8 28. Bg4 Qg6 29. Qxg6+ fxg6 30. Bxc5 Bxc5 31. Be6+ Kf8 32. Rbd1 Bc6 33. Bb3 Bb4 34. Re6 1-0

[Event "Open, Estensi ITA"]
[Site "?"]
[Date "2001.??.??"]
[Round "9"]
[White "Martinovic, S."]
[Black "Brumen, D."]
[Result "1/2-1/2"]
[WhiteElo "2430"]
[BlackElo "2455"]
[PlyCount "25"]
[EventDate "2001.??.??"]
[Source "www.chesslib.no"]
[SourceDate "2004.05.04"]

1. d4 d5 2. c4 e6 3. Nc3 Nf6 4. Bg5 Nbd7 5. e3 c6 6. Nf3 Qa5 7. Nd2 Bb4 8. Qc2 O-O 9. Be2 e5 10. O-O exd4 11. Nb3 Qc7 12. Nxd4 Bxc3 13. bxc3 1/2-1/2

[Event "Poznan"]
[Site "Poznan"]
[Date "1985.??.??"]
[Round "5"]
[White "Novikov, Igor A"]
[Black "Panczyk, Krzysztof"]
[Result "1-0"]
[WhiteElo "2460"]
[BlackElo "2410"]
[PlyCount "63"]
[EventDate "1985.??.??"]
[Source "ChessBase"]

1. d4 d5 2. c4 e6 3. Nc3 Nf6 4. Bg5 Nbd7 5. e3 c6 6. Nf3 Qa5 7. cxd5 Nxd5 8. Qd2 N7b6 9. Bd3 Nxc3 10. bxc3 Nd5 11. O-O Qxc3 12. Qe2 Bd6 13. Nd2 Qa5 14. Nc4 Qc7 15. Qh5 Be7 16. e4 Nf4 17. Bxf4 Qxf4 18. Ne5 O-O 19. g3 Qd2 20. Rad1 Qxa2 21. f4 Qb2 22. Bc4 Bf6 23. Nf3 b5 24. e5 g6 25. Qh3 Bg7 26. Bd3 a5 27. g4 h6 28. f5 exf5 29. gxf5 gxf5 30. Rd2 Qb3 31. Rg2 f4 32. Qxh6 1-0

[Event "CRO-ch 6th"]
[Site "Pula"]
[Date "1998.01.19"]
[Round "10"]
[White "Franic, Milan"]
[Black "Nikolac, Juraj"]
[Result "1-0"]
[WhiteElo "2430"]
[BlackElo "2435"]
[PlyCount "81"]
[EventDate "1998.01.09"]
[Source "ChessBase"]
[SourceDate "1998.06.15"]

1. d4 d5 2. c4 e6 3. Nc3 Nf6 4. Bg5 Nbd7 5. e3 c6 6. Nf3 Qa5 7. cxd5 Nxd5 8. Qd2 Bb4 9. Rc1 O-O 10. Bd3 Re8 11. O-O e5 12. Qc2 h6 13. Bh4 Nxc3 14. bxc3 Bd6 15. Bg3 Qc7 16. e4 exd4 17. cxd4 Bxg3 18. hxg3 Nf6 19. Rfe1 Qe7 20. Qc3 Be6 21. Bb1 Rad8 22. Ne5 Qd6 23. Rcd1 Nd7 24. Nd3 Nf8 25. Nf4 Bg4 26. f3 Be6 27. Kh2 f6 28. e5 fxe5 29. dxe5 Qxd1 30. Rxd1 Rxd1 31. Bc2 Rd7 32. Nxe6 Nxe6 33. Bg6 Ree7 34. Qc4 Rd5 35. f4 Kf8 36. f5 Nc5 37. f6 Rexe5 38. Qf4 Rh5+ 39. Bxh5 Rxh5+ 40. Kg1 Ne6 41. Qd6+ 1-0

[Event "It (Open) Bad Woerishofen GER"]
[Site "?"]
[Date "2006.03.20"]
[Round "4"]
[White "Halkias Stelios"]
[Black "Dittmar Peter"]
[Result "1-0"]
[WhiteElo "2528"]
[BlackElo "2334"]
[PlyCount "111"]
[EventDate "2006.??.??"]
[Source "www.chesslib.no"]
[SourceDate "2004.05.04"]

1. d4 d5 2. c4 e6 3. Nc3 Nf6 4. Bg5 Nbd7 5. e3 c6 6. Nf3 Qa5 7. cxd5 exd5 8. Bd3 Bb4 9. Qc2 O-O 10. O-O Re8 11. Nd2 Bxc3 12. bxc3 Ne4 13. Bxe4 dxe4 14. Bh4 Nb6 15. c4 Qa4 16. Qc3 Bg4 17. Rfe1 Nd7 18. h3 Bf5 19. c5 b5 20. Reb1 a6 21. Rb3 h6 22. Ra3 b4 23. Rxa4 bxc3 24. Nb1 c2 25. Na3 g5 26. Bg3 Nf6 27. Rc1 h5 28. Rxc2 h4 29. Be5 Nd5 30. Nc4 f6 31. Bh2 Re7 32. Rb2 Be6 33. Ra3 Kh7 34. Bd6 Rg7 35. Rab3 g4 36. hxg4 Bxg4 37. Rb7 Ra7 38. Rxa7 Rxa7 39. Na5 Bd7 40. Rb8 h3 41. gxh3 Bxh3 42. Kh2 Bf1 43. a4 Nc3 44. Rc8 Kg6 45. Rh8 Kg7 46. Rh4 Be2 47. Nxc6 Rb7 48. d5 Nxd5 49. Nd4 Bd3 50. c6 Rb2 51. c7 Nb6 52. Kg2 Rb1 53. Ne6+ Kf7 54. Nf4 Nc8 55. Rh7+ Kg8 56. Rd7 1-0

[Event "Schwarzach op-A"]
[Site "Schwarzach"]
[Date "1997.08.25"]
[Round "3.4"]
[White "Zoler, Dan"]
[Black "Brumen, Dinko"]
[Result "1-0"]
[WhiteElo "2465"]
[BlackElo "2365"]
[PlyCount "97"]
[EventDate "1997.08.23"]
[Source "www.chesslib.no"]
[SourceDate "2004.05.04"]

1. d4 d5 2. c4 e6 3. Nc3 Nf6 4. Bg5 Nbd7 5. e3 c6 6. Nf3 Qa5 7. Nd2 Bb4 8. Qc2 O-O 9. Be2 Ne4 10. Ndxe4 dxe4 11. Bh4 e5 12. O-O f5 13. c5 exd4 14. exd4 Bxc3 15. Bc4+ Kh8 16. Qxc3 Qxc3 17. bxc3 Nf6 18. Bxf6 Rxf6 19. Rab1 h6 20. f3 e3 21. f4 Rb8 22. Rb2 Be6 23. Bd3 g5 24. a4 b6 25. Rf3 gxf4 26. Rxf4 Rff8 27. cxb6 Rxb6 28. Re2 Rb3 29. Rxe3 Rf6 30. Bc2 Rb2 31. Re2 Ra2 32. h3 Ra3 33. Re3 Ra2 34. Rf2 f4 35. Re5 Ra1+ 36. Rf1 Ra2 37. Be4 Rxa4 38. Bxc6 Rc4 39. Rxe6 Rxe6 40. Bd5 Rec6 41. Bxc6 Rxc6 42. Rc1 Kg7 43. Kf2 Kf6 44. Ke2 Kf5 45. Kd3 Rg6 46. Rc2 Rg3+ 47. Kc4 Ke4 48. d5 a5 49. d6 1-0

[Event "EUchT qual"]
[Site "Luzern"]
[Date "1982.??.??"]
[Round "3"]
[White "Ostermeyer, Peter"]
[Black "Lederman, Leon"]
[Result "1/2-1/2"]
[WhiteElo "2410"]
[BlackElo "2415"]
[PlyCount "136"]
[EventDate "1982.03.??"]
[Source "ChessBase"]

1. d4 d5 2. c4 e6 3. Nc3 Nf6 4. Bg5 Nbd7 5. e3 c6 6. Nf3 Qa5 7. Bxf6 Nxf6 8. Bd3 Be7 9. O-O O-O 10. Qe2 dxc4 11. Bxc4 b5 12. Bd3 b4 13. Ne4 Nxe4 14. Bxe4 Ba6 15. Bd3 Bb7 16. Rfc1 Rac8 17. Be4 Rc7 18. Ne5 Qb6 19. Qf3 c5 20. Bxb7 Rxb7 21. d5 Rc7 22. Nc4 Qa6 23. dxe6 Qxe6 24. b3 Bf6 25. Rab1 Rd8 26. Rd1 Rcd7 27. g3 h6 28. Kg2 Qa6 29. Rxd7 Rxd7 30. Qe2 Bc3 31. Kf1 Qc6 32. Kg1 Qd5 33. Rc1 g6 34. e4 Qe6 35. Rc2 Rd4 36. f3 Rd7 37. Kg2 h5 38. h4 Kg7 39. Rc1 Bd4 40. Rd1 Re7 41. Qd3 a5 42. Rd2 Ra7 43. Qc2 Qa6 44. Nb2 Qf6 45. Nc4 Ra6 46. Re2 Qc6 47. Nb2 Qe6 48. Nc4 Qd7 49. Nb2 Qb5 50. Rd2 Ra8 51. Na4 Ra6 52. Nb2 Re6 53. Nc4 Qa6 54. Re2 Qa8 55. Rd2 Ra6 56. Nb2 Qc6 57. Na4 Qf6 58. Re2 Rc6 59. f4 Qe6 60. Qc4 Qg4 61. e5 Qf5 62. Qc2 Kf8 63. Qd1 Ke7 64. Rd2 Qe4+ 65. Qf3 Qxf3+ 66. Kxf3 f6 67. exf6+ Kxf6 68. Ke4 Ke6 1/2-1/2

[Event "Budapest HUN"]
[Site "?"]
[Date "2006.06.05"]
[Round "2"]
[White "Paschall William M"]
[Black "Gonda Laszlo"]
[Result "1/2-1/2"]
[WhiteElo "2352"]
[BlackElo "2465"]
[PlyCount "92"]
[EventDate "2006.??.??"]
[Source "www.chesslib.no"]
[SourceDate "2004.05.04"]

1. d4 d5 2. c4 e6 3. Nc3 Nf6 4. Bg5 Nbd7 5. e3 c6 6. Nf3 Qa5 7. Nd2 Bb4 8. Qc2 O-O 9. Be2 e5 10. O-O exd4 11. Nb3 Qc7 12. Nxd4 dxc4 13. Bxc4 Bxc3 14. bxc3 Qe5 15. Bf4 Qc5 16. Bb3 Ne5 17. e4 Re8 18. f3 Nc4 19. Bxc4 Qxc4 20. Rab1 b6 21. Rfd1 Bd7 22. Qb3 Qc5 23. Be3 Qe5 24. c4 Nh5 25. g4 Nf4 26. Qb2 Bxg4 27. Bxf4 Qxf4 28. fxg4 Qxg4+ 29. Qg2 Rxe4 30. Nxc6 Qh4 31. Kh1 Rae8 32. Rg1 g6 33. Qg5 Qh3 34. Rb3 Qc8 35. Nb4 R8e5 36. Qf6 Qxc4 37. Rf3 Re1 38. Nd3 Rxg1+ 39. Kxg1 Re8 40. a3 b5 41. h3 a5 42. Kg2 Re2+ 43. Kg3 h5 44. Qd8+ Kg7 45. Qf6+ Kg8 46. Qd8+ Kg7 1/2-1/2

[Event "Maribor"]
[Site "Maribor"]
[Date "1980.11.??"]
[Round "11"]
[White "Osterman, Rudolf"]
[Black "Nikolac, Juraj"]
[Result "0-1"]
[WhiteElo "2335"]
[BlackElo "2480"]
[PlyCount "80"]
[EventDate "1980.??.??"]
[Source "www.chesslib.no"]
[SourceDate "2004.05.04"]

1. d4 d5 2. c4 e6 3. Nc3 Nf6 4. Bg5 Nbd7 5. e3 c6 6. Nf3 Qa5 7. Bxf6 Nxf6 8. Bd3 dxc4 9. Bxc4 Be7 10. O-O O-O 11. Qe2 Rd8 12. Rfd1 Bd7 13. a3 Be8 14. b4 Qc7 15. Ne5 Bd6 16. f4 a5 17. Nd3 axb4 18. axb4 Nd5 19. Bxd5 cxd5 20. Rac1 Qe7 21. Qb2 Rdc8 22. Ra1 h6 23. g3 Rxa1 24. Rxa1 Qc7 25. Rc1 Qe7 26. Kf2 Rc4 27. Ne2 b6 28. Ra1 f6 29. Ra6 Bg6 30. Qb3 Qc7 31. b5 Be4 32. h4 Kh7 33. g4 e5 34. dxe5 fxe5 35. Ra1 exf4 36. exf4 Rc2 37. Ke1 Bf3 38. Ndc1 Be4 39. Nd3 Rc4 40. f5 Qe7 0-1

[Event "Graz op"]
[Site "Graz"]
[Date "1997.??.??"]
[Round "4"]
[White "Frosch, Erich"]
[Black "Rabiega, Robert"]
[Result "0-1"]
[WhiteElo "2310"]
[BlackElo "2490"]
[PlyCount "116"]
[EventDate "1997.10.??"]
[Source "www.chesslib.no"]
[SourceDate "2004.05.04"]

1. d4 d5 2. c4 e6 3. Nc3 Nf6 4. Bg5 Nbd7 5. e3 c6 6. Nf3 Qa5 7. cxd5 Nxd5 8. Qd2 Bb4 9. Rc1 h6 10. Bh4 O-O 11. Bd3 e5 12. a3 Bxc3 13. bxc3 exd4 14. cxd4 Qxa3 15. O-O Re8 16. Bb1 N5b6 17. e4 Nf8 18. d5 cxd5 19. exd5 Bd7 20. Bg3 Rac8 21. Rc7 Rxc7 22. Bxc7 Qc5 23. Bxb6 Qxb6 24. Qf4 Qc5 25. Rd1 Re2 26. Ne5 Be8 27. Bd3 Ra2 28. h4 Qd6 29. Qe3 b5 30. Ng6 fxg6 31. Qxe8 b4 32. Qc6 Qf4 33. Qc5 Nd7 34. Qe3 Qxe3 35. fxe3 Kf8 36. d6 Ke8 37. Bxg6+ Kd8 38. Bf7 Ra3 39. Kf2 a5 40. Rd5 Nf6 41. Rd4 b3 42. Bg6 b2 43. Bf5 Ra1 44. Rc4 Rc1 45. Ra4 b1=Q 46. Bxb1 Rxb1 47. Rxa5 Ne4+ 48. Kf3 Nxd6 49. Ra7 Rb7 50. Rxb7 Nxb7 51. Kg4 Ke7 52. Kf5 Kf7 53. h5 Nd6+ 54. Ke5 Nc4+ 55. Kd4 Nd2 56. Ke5 Nf1 57. Kf4 Kf6 58. g4 Nd2 0-1

[Event "Szekszard Open"]
[Site "Szekszard"]
[Date "1993.??.??"]
[Round "9"]
[White "Videki, Sandor"]
[Black "Bauer, Tamas"]
[Result "1/2-1/2"]
[WhiteElo "2415"]
[BlackElo "2335"]
[PlyCount "26"]
[EventDate "1993.??.??"]
[Source "www.chesslib.no"]
[SourceDate "2004.05.04"]

1. d4 d5 2. c4 e6 3. Nc3 Nf6 4. Bg5 Nbd7 5. e3 c6 6. Nf3 Qa5 7. Nd2 Be7 8. Qc2 a6 9. Be2 dxc4 10. Bxf6 Nxf6 11. Nxc4 Qc7 12. O-O c5 13. dxc5 Qxc5 1/2-1/2

[Event "SVK-ch op"]
[Site "Zvolen"]
[Date "2000.08.28"]
[Round "2"]
[White "Markos, Jan"]
[Black "Kozlov, Oleg"]
[Result "1-0"]
[WhiteElo "2327"]
[BlackElo "2421"]
[PlyCount "120"]
[EventDate "2000.08.27"]
[Source "www.chesslib.no"]
[SourceDate "2004.05.04"]

1. d4 d5 2. c4 e6 3. Nc3 Nf6 4. Bg5 Nbd7 5. e3 c6 6. Nf3 Qa5 7. Nd2 Bb4 8. Qc2 c5 9. Be2 cxd4 10. exd4 dxc4 11. Bxf6 Nxf6 12. Nxc4 Bxc3+ 13. bxc3 Qc7 14. Qa4+ Kf8 15. O-O g6 16. Ne3 Kg7 17. c4 Qd7 18. Qa3 Qxd4 19. Rad1 Qf4 20. Qc3 Re8 21. Rd3 Qc7 22. f4 e5 23. f5 Qe7 24. c5 gxf5 25. Rxf5 Kh8 26. Rf1 Ne4 27. Qc4 f5 28. Nxf5 Qxc5+ 29. Qxc5 Nxc5 30. Rd5 Ne4 31. Bd3 Nf6 32. Rd6 e4 33. Bb5 Rf8 34. Ng3 a6 35. Be2 Nd7 36. Rxf8+ Nxf8 37. Rd8 Kg7 38. Nf5+ Bxf5 39. Rxa8 Nd7 40. Kf2 Kf6 41. Ke3 Ke5 42. Re8+ Kd5 43. g4 Bg6 44. Rd8 Kc6 45. h4 Kd6 46. h5 Bf7 47. a3 Ke7 48. Rc8 Kf6 49. Rc7 Be6 50. Rxb7 h6 51. Ra7 Nc5 52. Rh7 Kg5 53. Rg7+ Kf6 54. Rg6+ Kf7 55. Rxh6 Kg7 56. g5 a5 57. Kd4 Nb3+ 58. Kxe4 Nc5+ 59. Kd4 Nb3+ 60. Ke3 Nc5 1-0

[Event "Torneo GM"]
[Site "Vienna AUT"]
[Date "2008.08.17"]
[Round "2"]
[White "Pachta, P."]
[Black "Schroll, G."]
[Result "1/2-1/2"]
[WhiteElo "2312"]
[BlackElo "2436"]
[PlyCount "88"]
[EventDate "2008.08.16"]
[Source "www.chesslib.no"]
[SourceDate "2004.05.04"]

1. d4 d5 2. c4 e6 3. Nc3 Nf6 4. Bg5 Nbd7 5. e3 c6 6. Nf3 Qa5 7. Nd2 dxc4 8. Bxf6 Nxf6 9. Nxc4 Qc7 10. Rc1 Be7 11. Bd3 O-O 12. O-O Rd8 13. Qe2 Bd7 14. Rfd1 c5 15. Ne5 cxd4 16. exd4 Qa5 17. Ne4 Be8 18. Bb1 Qb6 19. Nc4 Qb5 20. Bd3 Qd5 21. Nc3 Qg5 22. Ne5 Rac8 23. Rc2 Bc6 24. Nxc6 Rxc6 25. Ne4 Qd5 26. Nxf6+ Bxf6 27. Be4 Rxc2 28. Qxc2 Qxa2 29. Bxh7+ Kf8 30. Be4 Qa6 31. Qc5+ Qd6 32. Qxd6+ Rxd6 33. Bxb7 Bxd4 34. Kf1 Ke7 35. b3 e5 36. Be4 Ke6 37. g4 Ra6 38. Rd2 Ra3 39. Bd3 f6 40. Bc4+ Kd6 41. Kg2 a5 42. Bf7 g5 43. Rc2 Ra1 44. Bc4 Ra3 1/2-1/2

[Event "It (cat.3)"]
[Site "Volodarskij (Russia)"]
[Date "2007.07.05"]
[Round "12"]
[White "Malinichev Konstanti (UZB)"]
[Black "Khruschiov Alexey (MDA)"]
[Result "0-1"]
[WhiteElo "2290"]
[BlackElo "2453"]
[PlyCount "48"]
[EventDate "2007.??.??"]
[Source "www.chesslib.no"]
[SourceDate "2004.05.04"]

1. d4 d5 2. c4 e6 3. Nc3 Nf6 4. Bg5 Nbd7 5. e3 c6 6. Nf3 Qa5 7. Qc2 Bb4 8. Bd3 Ne4 9. Bxe4 dxe4 10. Ne5 Nxe5 11. dxe5 Qxe5 12. Bf4 Qa5 13. O-O f5 14. Rfd1 e5 15. Bg3 O-O 16. Rd2 f4 17. Bh4 Bf5 18. Rad1 h6 19. exf4 exf4 20. Qb3 Rae8 21. Bd8 b6 22. a3 Bc5 23. Kh1 e3 24. fxe3 fxe3 0-1